|
|
|
|
| LEADER |
03358nam a22004213i 4500 |
| 001 |
EBC6578102 |
| 003 |
MiAaPQ |
| 005 |
20231204023216.0 |
| 006 |
m o d | |
| 007 |
cr cnu|||||||| |
| 008 |
231204s2020 xx o ||||0 eng d |
| 020 |
|
|
|a 9782759232826
|q (electronic bk.)
|
| 035 |
|
|
|a (MiAaPQ)EBC6578102
|
| 035 |
|
|
|a (Au-PeEL)EBL6578102
|
| 035 |
|
|
|a (OCoLC)1258396382
|
| 040 |
|
|
|a MiAaPQ
|b eng
|e rda
|e pn
|c MiAaPQ
|d MiAaPQ
|
| 100 |
1 |
|
|a Soula, Audrey.
|
| 245 |
1 |
0 |
|a Eating in the City :
|b Socio-Anthropological Perspectives from Africa, Latin America and Asia.
|
| 264 |
|
1 |
|a Versailles :
|b Quae,
|c 2020.
|
| 264 |
|
4 |
|c ©2021.
|
| 300 |
|
|
|a 1 online resource (161 pages)
|
| 336 |
|
|
|a text
|b txt
|2 rdacontent
|
| 337 |
|
|
|a computer
|b c
|2 rdamedia
|
| 338 |
|
|
|a online resource
|b cr
|2 rdacarrier
|
| 490 |
1 |
|
|a Update Sciences and Technologies Ser.
|
| 505 |
0 |
|
|a Intro -- Contents -- Acknowledgements -- Preface -- Introduction - viewing food through the lens of urban eaters -- Part 1. Urban foodways at the cusp of normative injunctions -- Chapter 1. Feeding children - a focus of tension in the Algerian city of Oran -- Chapter 2. Getting out of the kitchen! Reshaping gender relations and food practices in Casablanca -- Chapter 3. Can I trust this food? Trust and distrust in eating among middle-class youth in urban India -- Chapter 4. Eating out in Mexico City and Guadalajara - some conflict between health and heritage dimensions in Mexico -- Part 2. When food practices dovetail with urban landscapes -- Chapter 5. Urban cuisine in Brazzaville (Republic of the Congo) -- Chapter 6. Warung makan - public kitchens at the epicentre of informality in Jakarta -- Chapter 7. "Home and away" - narratives of food and identity in the context of urbanization in Malaysia -- Chapter 8. Sweet commercial drink adoption by urban Chinese middle-class people - between social control and new beverage consumption contexts -- Part 3. When the city invents its cuisine -- Chapter 9. Bâbenda - a modernized traditional dish Urban trajectory of a Burkinabe culinary specialty -- Chapter 10. Attiéké-garba - good to eat and think about Social distinction and challenging hygiene standards in the Ivorian urban context -- Chapter 11. 'Food from the pot' Child nutrition and socialization in two Cameroonian cities -- Chapter 12. Modern culinary traditions for precarious times. Food insecurity and everyday practices among poor households in Mexico City -- Conclusion - what insight emerges to enhance research on transformations in urban food and eating habits? -- List of contributors.
|
| 588 |
|
|
|a Description based on publisher supplied metadata and other sources.
|
| 590 |
|
|
|a Electronic reproduction. Ann Arbor, Michigan : ProQuest Ebook Central, 2023. Available via World Wide Web. Access may be limited to ProQuest Ebook Central affiliated libraries.
|
| 655 |
|
4 |
|a Electronic books.
|
| 700 |
1 |
|
|a Yount-André, Chelsie.
|
| 700 |
1 |
|
|a Lepiller, Olivier.
|
| 700 |
1 |
|
|a Bricas, Nicolas.
|
| 700 |
1 |
|
|a Hassoun, Jean-Pierre.
|
| 700 |
1 |
|
|a Manley, David.
|
| 776 |
0 |
8 |
|i Print version:
|a Soula, Audrey
|t Eating in the City
|d Versailles : Quae,c2020
|
| 797 |
2 |
|
|a ProQuest (Firm)
|
| 830 |
|
0 |
|a Update Sciences and Technologies Ser.
|
| 856 |
4 |
0 |
|u https://ebookcentral.proquest.com/lib/matrademy/detail.action?docID=6578102
|z Click to View
|